Ekologická politika a ekonomické nástroje v silniční dopravě.
Prehľad možností zníženia negatívnych účinkov cestnej dopravy na životné prostredie. Dane a ekologické palivo a daňová stimulácia ekologicky vhodných vozidiel. Konkrétne opatrenia v niektorých štátoch EHK a skúsenosti s nimi. Daňová podpora rozvoja alternatívnych palív.
Gespeichert in:
| 1. Verfasser: | |
|---|---|
| Weitere Verfasser: | |
| Format: | Buchkapitel |
| Sprache: | Tschechisch |
| Schlagworte: | |
| Tags: |
Keine Tags, Fügen Sie das erste Tag hinzu!
|
MARC
| LEADER | 00000naa a2200000 4500 | ||
|---|---|---|---|
| 001 | r006783 | ||
| 005 | 20221125075548.2 | ||
| 041 | 0 | |a cze | |
| 044 | |a [CS] | ||
| 245 | 1 | 0 | |a Ekologická politika a ekonomické nástroje v silniční dopravě. |c P. Martinů, J. Kolářiková |
| 520 | |a Prehľad možností zníženia negatívnych účinkov cestnej dopravy na životné prostredie. Dane a ekologické palivo a daňová stimulácia ekologicky vhodných vozidiel. Konkrétne opatrenia v niektorých štátoch EHK a skúsenosti s nimi. Daňová podpora rozvoja alternatívnych palív. | ||
| 610 | 2 | 0 | |a doprava cestná |
| 610 | 2 | 0 | |a prostredie životné |
| 610 | 2 | 0 | |a ekológia |
| 610 | 2 | 0 | |a nástroje ekonomické |
| 610 | 2 | 0 | |a dane |
| 610 | 2 | 0 | |a palivá |
| 610 | 2 | 0 | |a prostriedky dopravné |
| 610 | 2 | 0 | |a západná Európa |
| 100 | 1 | |a Martinů, P. | |
| 700 | 1 | |a Kolářiková, J. | |